000 00367nam a22001697a 4500
003 UA-OsUOA
001 1958
007 ta
008 20050721b un ||||| |||| 00| 0 ukr d
100 _aRankin
700 _aHugh F.
942 _cBK
040 _aUA-OsUOA
_cUA-OsUOA
_dUA-OsUOA
245 _aThe american revolution.
_bCountry Studies
955 _a2
650 7 _2UDC
999 _c288120
_d288120